Caricamento...

علوان في حديقة الحيوان /

Dettagli Bibliografici
Natura: Printed Book
LEADER 00428nam a2200109Ia 4500
008 150527150527b xxu||||| |||| 00| 0 ara d
082 |a 813.2CH 
245 |c by  |a علوان في حديقة الحيوان / 
500 |a children literature الأدب الأطفال 
942 |c BK 
999 |c 175214  |d 175214 
952 |0 0  |1 0  |4 0  |6 813_000000000000000_2CH  |7 0  |9 193961  |a ARA  |b ARA  |c ST1  |d 2015-05-27  |i 900  |l 0  |o 813.2CH  |p ARA000900  |r 2015-05-27  |w 2018-08-23  |y BK